Արիւնոտ ճանապարհ / (Record no. 529463)
[ view plain ]
| 000 -LEADER | |
|---|---|
| fixed length control field | 00860nam a2200205 a 4500 |
| 003 - CONTROL NUMBER IDENTIFIER | |
| control field | AM-YeHGA |
| 005 - DATE AND TIME OF LATEST TRANSACTION | |
| control field | 20250617164802.0 |
| 008 - FIXED-LENGTH DATA ELEMENTS--GENERAL INFORMATION | |
| fixed length control field | 240301s2024 riua||||||||||||||0|arm|d |
| 040 ## - CATALOGING SOURCE | |
| Original cataloging agency | AM-YeHGA |
| 041 0# - LANGUAGE CODE | |
| Language code of text/sound track or separate title | arm |
| 090 ## - LOCALLY ASSIGNED LC-TYPE CALL NUMBER (OCLC); LOCAL CALL NUMBER (RLIN) | |
| -- | 567898 |
| 100 1# - MAIN ENTRY--PERSONAL NAME | |
| Personal name | Գըլպըյըգեան-Շմաւոնեան, Եղիսաբէթ |
| 245 10 - TITLE STATEMENT | |
| Title | Արիւնոտ ճանապարհ / |
| Statement of responsibility, etc. | Եղիսաբէթ Գըլպըյըգեան-Շմաւոնեան. |
| 260 ## - PUBLICATION, DISTRIBUTION, ETC. | |
| Place of publication, distribution, etc. | Փորթսմութ : |
| Name of publisher, distributor, etc. | Ա․ հ․, |
| Date of publication, distribution, etc. | 2024․ |
| 300 ## - PHYSICAL DESCRIPTION | |
| Extent | 35 էջ ; |
| Other physical details | նկ․ |
| 500 ## - GENERAL NOTE | |
| General note | Գրքի թվային տարբերակը գրադարանին տրամադրել է Վաչե Ղազարյանը։ |
| 650 14 - SUBJECT ADDED ENTRY--TOPICAL TERM | |
| Topical term or geographic name entry element | Հայոց ցեղասպանություն (1915-1923) |
| General subdivision | Հուշեր |
| 856 41 - ELECTRONIC LOCATION AND ACCESS | |
| Uniform Resource Identifier | <a href="https://arar.sci.am/dlibra/publication/400221/edition/370347/content">https://arar.sci.am/dlibra/publication/400221/edition/370347/content</a> |
| Link text | Կարդալ առցանց |
| 942 ## - ADDED ENTRY ELEMENTS (KOHA) | |
| Source of classification or shelving scheme | Universal Decimal Classification |
| Koha item type | Գրքեր / Books |
| Withdrawn status | Lost status | Source of classification or shelving scheme | Damaged status | Not for loan | Collection | Home library | Current library | Date acquired | Total checkouts | Full call number | Date last seen | Price effective from | Koha item type | Public note |
|---|---|---|---|---|---|---|---|---|---|---|---|---|---|---|
| Universal Decimal Classification | General | Fundamental Scientific Library | Fundamental Scientific Library | 01/03/2024 | Բացակա գրքեր | 01/03/2024 | 01/03/2024 | Գրքեր / Books | ILL Non-Circ․ |
ՀՀ Գիտությունների ազգային ակադեմիայի հիմնարար գիտական գրադարան = Fundamental Scientific Library of NAS RA
All site content, except where otherwise noted, is licensed under a